各都道府県で最も人口の少ない市 - Statistics

General Stats
  • This quiz has been taken 514 times
  • The average score is 30 of 47
Answer Stats
都道府県 人口(人) % Correct
北海道 歌志内市 2,989
95%
石川県 珠洲市 12,929
77%
鳥取県 境港市 32,740
76%
青森県 平川市 30,567
71%
岩手県 陸前高田市 18,262
71%
山形県 尾花沢市 14,971
71%
神奈川県 南足柄市 40,841
70%
静岡県 下田市 20,183
70%
三重県 熊野市 15,965
70%
京都府 宮津市 16,758
70%
秋田県 にかほ市 23,435
69%
千葉県 勝浦市 16,927
69%
福井県 勝山市 22,150
68%
山梨県 大月市 22,512
68%
滋賀県 米原市 37,225
67%
高知県 室戸市 11,742
67%
栃木県 那須烏山市 24,875
66%
富山県 小矢部市 28,983
66%
香川県 東かがわ市 28,279
66%
長野県 飯山市 19,539
65%
島根県 江津市 22,959
65%
東京都 羽村市 54,326
64%
大阪府 阪南市 51,254
64%
和歌山県 御坊市 23,481
64%
広島県 江田島市 21,930
62%
群馬県 沼田市 45,337
61%
山口県 美祢市 23,247
61%
愛媛県 八幡浜市 31,987
61%
宮城県 角田市 27,976
60%
徳島県 三好市 23,605
60%
福島県 本宮市 30,236
59%
兵庫県 養父市 22,129
59%
大分県 津久見市 16,100
58%
奈良県 御所市 24,096
57%
岐阜県 美濃市 19,247
56%
岡山県 美作市 25,939
56%
佐賀県 多久市 18,295
56%
長崎県 松浦市 21,271
56%
熊本県 水俣市 23,557
56%
宮崎県 串間市 16,822
55%
茨城県 潮来市 27,604
54%
新潟県 加茂市 25,441
54%
鹿児島県 垂水市 13,819
54%
沖縄県 南城市 44,043
54%
埼玉県 幸手市 50,066
51%
愛知県 弥富市 43,025
50%
福岡県 豊前市 24,391
44%
No matching quizzes found
Score Distribution
Percent of People with Each Score
Percentile by Number Answered
Your Score History
You have not taken this quiz